Genetyczne typy jezior - Statystyki

Ogólne statystyki
  • Ten quiz został rozwiązany 6 razy
  • Średni wynik to 8 z 13
Statystyki odpowiedzi
Opis Jeziora... % Poprawnych
Wody tych jezior wypełniają obniżenia krasowe na obszrach zbudowanych ze skał wapiennych lub gipsowych. Krasowe
83%
Powstają wskutek zatarasowania odpływu wód przez materiał sfałdowany przed czołem lądolodu lub wytapiania się brył lodu pozostawionego przez cofający się lądolód w obrębie moreny dennej. Mają urozmaicone kształty, wiele zatok, półwyspów i wysp. Morenowe
83%
Występują w zagłębiach, które powstały przez ruchy skorupy ziemskiej. To najgłębsze jeziora na świecie. Tektoniczne
83%
Powstają w kraterach nieczynnych wulkanów. Wulkaniczne
83%
Powstały w wyniku wypełniania wodą cyrków polodowcowych. Mają kolisty lub owalny kształt, są głębokie. Cyrkowe
67%
Powstają w zagłębieniach w obrębie delt rzecznych. Są płytkie i szybko zarastają. Deltowe
67%
Są położone w zagłębinach kraterów, które powstały wskutek uderzenia meteorytów w powierzchnię Ziemi. Meteorytowe
67%
Występują na obszarach, które kiedyś uległy zlodowaceniu, dlatego ich geneza ma związek z działalnością lodowców górskich lub lądolodów. Polodowcowe
67%
Powstają na niskich wybrzeżach wskutek odcięcia zatoki morskiej przez mierzeje. Mają dużą powierzchnię, małą głębokość, płaskie, bagniste brzegi. Przybrzeżne
67%
Powstają w wyniku wymywania skał w podłożu przez wody płynące pod lądolodem. Mają urozmaiconą rzeźbę dna i strome brzegi. Są wąskie i długie, głębokie. Rynnowe
67%
Powstają w wyniku odcięcia części dawnych mórz przez powolne podnoszenie się skorupy ziemskiej lub obniżanie się poziomu morza. Reliktowe
33%
Ich wody wypełniają fragmenty dawnych koryt rzecznych, które są odcięte od głównego nurtu rzeki. Mają owalny, wydłużony kształt. Występują w obrębie dolin dużych meandrowych rzek. Zakolowe
33%
Powstały w zagłębieniach utworzonych po wytopieniu się brył lodu pozostawionych przez cofający się lądolód. Mają kolisty kształt, są małe i płytkie. Często szybko zarastają. Oczka polodowcowe
17%
Nie znaleziono quizów pasujących do podanych kryteriów
Rozkład punktacji
Procent ludzi z każdym wynikiem
Percentyl według liczby udzielonych odpowiedzi
Twoja historia wyników
Nie rozwiązałeś tego quizu